Actors with a hint - Statistics

General Stats
  • This quiz has been taken 42 times
  • The average score is 9 of 12
Answer Stats
Hint Actor % Correct
This actress became known for her role as Hermione Granger in a film series. Emma Watson
97%
Known for his role as Jack Dawson in 1997, which made Titanic a worldwide success. Leonardo DiCaprio
95%
He is known for his role as Forrest Gump, who goes through several decades of his life. Tom Hanks
85%
This actress played the lead role in "La La Land" and won an Oscar for it. Emma Stone
79%
This actor became famous for his role as Tony Stark in a Marvel blockbuster. Robert Downey Jr.
74%
She became famous for her role as Black Widow in the Marvel Cinematic Universe. Scarlett Johansson
72%
Known for his roles in "Fight Club" and "Seven". Brad Pitt
69%
Known for his role as Wolverine in the X-Men movies. Hugh Jackman
67%
This actress won an Oscar for her portrayal of Katniss Everdeen in a dystopian trilogy. Jennifer Lawrence
67%
He became famous for his role as Deadpool, a sarcastic anti-hero. Ryan Reynolds
64%
Known for his role as Neo in a famous science fiction trilogy. Keanu Reeves
56%
She is known for her role as Elizabeth Swann in a famous film series. Keira Knightley
54%
No matching quizzes found
Score Distribution
Percent of People with Each Score
Percentile by Number Answered
Your Score History
You have not taken this quiz